Events that happened around the same time. - Statistics

General Stats
  • This quiz has been taken 29 times
  • The average score is 4 of 20
Answer Stats
Hint Explanation Answer % Correct
Magna Carta signed 1215 Genghis Khan captures Beijing
78%
Pablo Picasso died 1973 Dark side of the moon released
44%
Prisoners start to go to Auschwitz 1940 McDonald's founded
44%
Berlin wall pulled down 1989 The Simsons debut
44%
Lincoln assissinated 1865 Secret Service created
33%
Charlie Chaplin died 1977 Apple was founded
22%
The Adventures of Sherlock Holmes first published 1891-92 Basketball invented
22%
Nintendo founded 1888-89 Jack the Ripper active
22%
Harry Potter and the Goblet of Fire released in cinemas 2005 Rosa Parks died
22%
Last guillotine execution 1977 Atari 2600 released
11%
Filing cabinet invented 1890's Deli meat slicer invented
11%
The Nutcracker premiers in St. Petersburg 1892 Ellis Island starts taking immigrants
11%
First Daytona 500 race 1959 Hawaii becomes a state
11%
Last person executed by firing squad in USA 2010 Iron Man 2 released
11%
Frozen released in cinema 2013 Mississippi abolishes slavery
11%
Orville Wright died 1947-48 Sound barrier broken
11%
Leo Tolstoy died 1910 First infrared photo published
0%
Titanic sinks 1912 MDMA created
0%
Landed on the moon 1971 Switzerland allows women to vote
0%
German states unify into modern Germany 1871-72 Yellowstone Park created
0%
No matching quizzes found
Score Distribution
Percent of People with Each Score
Percentile by Number Answered
Your Score History
You have not taken this quiz